| 000 | 01707nam0a2200301 i 4500 | ||
|---|---|---|---|
| 001 | RU\NLR\BIBL_A\011335772 | ||
| 005 | 20241105193930.0 | ||
| 010 |
_a9785918832509 _9300 |
||
| 021 |
_aRU _b2017-5676 _9401 |
||
| 035 | _a(NLR Aleph) 011335772 | ||
| 090 |
_a11160550 _c11160550 |
||
| 100 | _a20170301d2016 m y0rusy50 ca | ||
| 101 | 0 | _arus | |
| 102 | _aRU | ||
| 105 | _aach z 010yy | ||
| 200 | 1 |
_aУстремлённый в будущее _eк 50-летнему юбилею Краснодарского государственного института культуры _f[Федеральное государственное бюджетное образовательное учреждение высшего образования "Краснодарский государственный институт культуры" _gтворческая редакция: председатель: С.С. Зенгин и др.] |
|
| 210 |
_aКраснодар _cТрадиция _d2016 |
||
| 215 |
_a61, [3] с. _cил., портр., факс., цв. ил. _d31 |
||
| 300 | _aОписано по обл. На тит. л. только посвящение: 50 лет КГИК и вых дан. | ||
| 601 | 0 | 2 |
_aКраснодарский государственный институт культуры _92319283 _3RU\NLR\AUTH\6601612618 |
| 686 | 1 | _aЧ489.554(2)7 | |
| 702 | 1 |
_aЗенгин _bС. С. _gСергей Семенович _4340 |
|
| 711 | 0 | 2 |
_aКраснодарский государственный институт культуры _9507600 _3RU\NLR\AUTH\880421339 |
| 942 | _cBOOK | ||
| 980 | _aNBR | ||